| 000 | 00354 a2200085 4500 | ||
|---|---|---|---|
| 100 |
_aEdited Werner Eisehut _93328 |
||
| 245 | _aDictys Cretensis: Ephemeridos Belli Troiana Libri A Lvcio Septimio ex Graeco in Latinvm Sermonem Translati: Accedvnt papyri dictys graeci in Aegypto inventae | ||
| 260 |
_bBSB B. G. Teubner Verlagsgesellschaft _c1973 |
||
| 942 | _cBK | ||
| 999 |
_c576574 _d576574 |
||